Elogio del pudor (Registro nro. 1069)

Detalles MARC
001 - NÚMERO DE CONTROL
campo de control 774
003 - IDENTIFICADOR DEL NÚMERO DE CONTROL
campo de control CO-MdUADB
005 - FECHA Y HORA DE LA ÚLTIMA TRANSACCIÓN
campo de control 20260428103511.0
008 - DATOS DE LONGITUD FIJA--INFORMACIÓN GENERAL
campo de control de longitud fija 950307s1991 spa
020 ## - NÚMERO INTERNACIONAL ESTÁNDAR DEL LIBRO
Número Internacional Estándar del Libro 8475097111
035 ## - NÚMERO DE CONTROL DEL SISTEMA
Número de control de sistema 774
035 ## - NÚMERO DE CONTROL DEL SISTEMA
Número de control de sistema (OCoLC)55295585
040 ## - FUENTE DE LA CATALOGACIÓN
Centro/agencia transcriptor comduadb
041 ## - CÓDIGO DE LENGUA
Código de lengua del texto/banda sonora o título independiente spa
082 #4 - NÚMERO DE LA CLASIFICACIÓN DECIMAL DEWEY
Número de clasificación 190
100 10 - ENTRADA PRINCIPAL--NOMBRE DE PERSONA
Nombre de persona Dal Lago, Alessandro
Código de función aut
Término indicativo de función/relación Autor/a
9 (RLIN) 316462
245 10 - MENCIÓN DE TÍTULO
Título Elogio del pudor
250 ## - MENCIÓN DE EDICIÓN
Mención de edición 1. Ed.
260 ## - PUBLICACIÓN, DISTRIBUCIÓN, ETC.
Lugar de publicación, distribución, etc. Barcelona :
Nombre del editor, distribuidor, etc. Ediciones Paidós,
Fecha de publicación, distribución, etc. 1991.
300 ## - DESCRIPCIÓN FÍSICA
Extensión 192 páginas
500 ## - NOTA GENERAL
Nota general Donación : Programa para la Mujer, Consejería de la Presidencia : Oct/94.
650 #7 - PUNTO DE ACCESO ADICIONAL DE MATERIA--TÉRMINO DE MATERIA
Término de materia o nombre geográfico como elemento de entrada Ética
Fuente del encabezamiento o término lemb
9 (RLIN) 4694
650 #7 - PUNTO DE ACCESO ADICIONAL DE MATERIA--TÉRMINO DE MATERIA
Término de materia o nombre geográfico como elemento de entrada Filosofía
Fuente del encabezamiento o término lemb
9 (RLIN) 234416
650 ## - PUNTO DE ACCESO ADICIONAL DE MATERIA--TÉRMINO DE MATERIA
Término de materia o nombre geográfico como elemento de entrada Husserl, Edmund, 1859-1938
9 (RLIN) 18847
650 #7 - PUNTO DE ACCESO ADICIONAL DE MATERIA--TÉRMINO DE MATERIA
Término de materia o nombre geográfico como elemento de entrada Postmodernismo
Fuente del encabezamiento o término lemb
9 (RLIN) 83854
650 ## - PUNTO DE ACCESO ADICIONAL DE MATERIA--TÉRMINO DE MATERIA
Término de materia o nombre geográfico como elemento de entrada Mujeres (Género)
9 (RLIN) 52393
700 10 - ENTRADA AGREGADA--NOMBRE PERSONAL
Nombre de persona Rovatti, Pier Aldo,
Fechas asociadas al nombre 1942-
Código de función aut
Número de control del registro de autoridad o número normalizado (isni)0000 0001 2276 2661
-- (viaf)9871063
Término indicativo de función/relación Autor/a
9 (RLIN) 238058
942 ## - ELEMENTOS DE ENTRADA AGREGADA (KOHA)
Tipo de ítem Koha Libros
Fuente del sistema de clasificación o colocación Clasificación Decimal Dewey
Existencias
Estado de retiro Estado de pérdida Estado dañado No para préstamo Código de colección Localización permanente Ubicación/localización actual Fecha de adquisición Número de inventario Total de préstamos Signatura topográfica completa Código de barras Fecha visto por última vez Número de copia Precio válido a partir de Tipo de ítem Koha
        Colección Semiactiva Planta Baja Biblioteca Carlos Gaviria Díaz, Campus Medellín Biblioteca Carlos Gaviria Díaz, Campus Medellín 23/06/1997 C860   190 D136e 61000001512124 20/04/2023 1 20/04/2023 Libros